แสดงรายละเอียดบรรณานุกรม
  กลับหน้าหลัก

Brief Record : Get Marc (ISO 2709) : E-mail record : QR code ปิดหน้าต่าง
E-books : เกี่ยวกับ Collections
LEADER 00000nam 2200000uu 4500
001    209025
003     ULIBM
008    130716s2556||||th 000 0 tha d
040    ^abcnkk.
041 0  ^atha.
050  0 HV1559.T5 ร451 2556
245 00 ^aรายงานฉบับสมบูรณ์ สถานการณ์คนพิการในสังคมไทย : การวิเคราะห์ข้อมูล การสำรวจความพิการและทุพพลภาพของสำนักงานสถิติแห่งชาติ ปี พ.ศ.2545 และ 2550/^cโดยภูษิต ประคองสาย...[และคนอื่นๆ].
260    ^aนนทบุรี:^bสำนักงานพัฒนานโยบายสุขภาพระหว่างประเทศ,^c2556.
300    ^a136 หน้า:^bภาพประกอบ.
650  0 ^aคนพิการ--^xไทย--^yการดูแล.
650  0 ^aคนพิการ--^xการวิเคราะห์.
650  0 ^aคนพิการ--^xการสำรวจ.
700 0  ^aภูษิต ประคองสาย.
710 1  ^aกระทรวงสาธารณสุข.^bสำนักงานพัฒนานโยบายสุขภาพระหว่างประเทศ.
999    ^aใช้งานได้ทุกระบบ
รายการนี้ยังไม่มีแท็ก
คุณยังไม่ได้ล็อกอิน คุณสามารถมีกิจกรรมร่วมกับเว็บไซต์ได้ แต่ต้องล็อกอินก่อน ::
  ล็อกอิน
ลำดับที่ ประเภท เลขเรียก สถานที่ สถานะ
1. หนังสือทั่วไป
หนังสือทั่วไป
สถานะ=หนังสือเก่า - บริการ ณ ห้องสมุด (ห้องเหลือง)
HV1559.T5 ร451 2556  
  
หนังสือทั่วไป On Shelf
  ขอยืม
Note:บริจาค
2. หนังสือทั่วไป
หนังสือทั่วไป
สถานะ=หนังสือเก่า - บริการ ณ ห้องสมุด (ห้องเหลือง)
HV1559.T5 ร451 2556 ฉ.2 
  
หนังสือทั่วไป On Shelf
  ขอยืม
Note:บริจาค
   [แสดง 2/2 รายการ]

BibComment


ยังไม่เคยถูกคอมเมนท์

คอมเมนท์ทรัพยากรรายการนี้
  คอมเมนท์: รายงานฉบับสมบูรณ..
Bib 209025

 
 
 

 Union Library Management : ULibM
Copyright 2026. All Rights Reserved.
скачать бесплатно без регистрации порно красивый секс HD Sex Hindi sex

xxx gou

xxxx

bfxxx

xxxwww

Секса Видео

xxxx

Секса Видео

detube

geilexxx

C99 Shell

worms shell

blod xxx video
Ebony Coed Rihanna Rimes Takes A Dick In Her Young Twat priyaa indian fuck anal and pusssy hardcore indian women xxx desi hardcore fucking part 1 bengalixxxcouple